| 000 | 00483nam a2200181Ia 4500 | ||
|---|---|---|---|
| 005 | 20240704055701.0 | ||
| 008 | 240331s9999 xx 000 0 und d | ||
| 020 | _a0704340259 | ||
| 082 |
_a155 _bERN |
||
| 245 | 0 |
_aLiving with the sphinx _bPapers from the Women's Therapy Centre |
|
| 260 |
_aLondon _bThe Women's press Limited _cLondon |
||
| 300 | _ax, 265 p ., | ||
| 650 | _aWomen | ||
| 650 | _aWoman | ||
| 700 |
_aErnst, Sheila _eedt |
||
| 700 |
_aMaguire, Marie _eedt |
||
| 942 | _cL | ||
| 999 |
_c742 _d742 |
||